000 00417nam a2200157 i 4500
001 74806
003 ES-MaACL
005 20230906172242.0
007 t|
008 040921s1949 sp ||||1| spa d
100 1 _aGranell Acosta, Juan.
_959622
245 1 0 _aVoz de sobremesa /
_cJuan Granell Acosta.
260 _aValencia :
_bCosmos,
_c1949.
300 _a202 p. ;
_c17 cm.
852 _aES-MaACL
_jB-12960
_bR.28965
999 _c74806
_d74806